[Event "Kolkata Bengal op"]
[Site "Kolkata"]
[Date "2019.03.16"]
[Round "2"]
[White "Arpan, Das Jr"]
[Black "Soumasis, Pal"]
[Result "1-0"]
[WhiteElo "2147"]
[BlackElo "1354"]
[PlyCount "67"]
[EventDate "2019.03.15"]
[EventType "swiss"]
[EventRounds "9"]
[EventCountry "IND"]
[SourceTitle "CBM 190 Extra"]
[Source "ChessBase"]
[SourceDate "2019.07.15"]
[SourceVersion "1"]
[SourceVersionDate "2019.07.15"]
[SourceQuality "1"]

1. d4 g6 2. e4 Bg7 3. g3 c5 4. d5 d6 5. Nc3 Nf6 6. Bg2 0-0 7. Nf3 e6 8. 0-0 exd5 9. exd5 Bg4 10. h3 Bxf3 11. Qxf3 a6 12. a4 Nbd7 13. Bf4 Qc7 14. Rae1 Rfe8 15. g4 Ne5 16. Qg3 Nfd7 17. Bc1 Nf6 18. Kh1 Rad8 19. Qh4 Ned7 20. Bg5 Rxe1 21. Rxe1 Re8 22. Rxe8+ Nxe8 23. Bd8 Qb8 24. Qe7 Ndf6 25. Ne4 b5 26. g5 Nxe4 27. Qxe8+ Bf8 28. Bxe4 bxa4 29. Bd3 Qc8 30. Kh2 c4 31. Bxc4 Qxc4 32. Be7 Qf4+ 33. Kg2 h5 34. Qxf8+ 1-0